00841nam a2200193Ia 4500003000900000008004100009020001800050040001600068080002300084111011800107245026500225260003700490300002300527650001300550650001300563700002300576700002400599700002400623IN-BaIIA211028s9999 xx 000 0 eng d a0-7923-4135-X cIIA Library a52(082.1)bASS-206 aWorkshop Celebrating the 25th Anniversary of the Westerbork Synthesis Radio TelescopecHoogeveend1995 Aug. 28-30 0aCold gas at high redshiftbproceediings of a Workshop celebrating the 25th anniversary of the westerbork synthesis radio Telescope, held in Hoogeveen, The Netherlands, August 28-30, 1995cedited by M.N. Bremer, P.P. Werf, H.J.A. Röttgering, and C.L. Carilli. aDordrechtbKluwer Academicc1996 a[various pagings.] aCold gas aRedshift aBremer, M. N., ed. aRottgering, H. J. A aVan der Werf, P. P.